[Event "16. Sparkassen Open 2017 - Gruppe A"]
[Site "Forchheim"]
[Date "2017.10.01"]
[Round "5.1"]
[White "Krassowizkij, Jaroslaw"]
[Black "Arnold, Max"]
[Result "1-0"]
[WhiteElo "2440"]
[BlackElo "2279"]
[PlyCount "77"]
[EventDate "2017.??.??"]
[WhiteTeam "SV Jedesheim"]
[BlackTeam "SK Ettlingen"]

1. c4 e5 2. g3 c6 3. Nf3 e4 4. Nd4 d5 5. cxd5 Qxd5 6. Nc2 Nf6 7. Nc3 Qe6 8. Bg2
Bc5 9. b4 Bb6 10. Ne3 O-O 11. Qc2 Re8 12. Bb2 Na6 13. a3 Bd7 14. Na4 Bc7 15.
O-O Be5 16. Rab1 Rad8 17. Bxe4 Nxe4 18. Qxe4 Qf6 19. Qc2 h5 20. f4 Bd4 21. Bxd4
Qxd4 22. f5 Bc8 23. Rb2 b6 24. Rf4 Qf6 25. Rb3 Nc7 26. Rd3 Rxd3 27. Qxd3 Ba6
28. Qd7 Qa1+ 29. Kf2 Qe5 30. Nc3 Qe7 31. Qxc6 Rc8 32. f6 Qd8 33. Nf5 Kh7 34.
Nd6 Ne6 35. Qe4+ g6 36. Nxf7 Qxd2 37. Qxe6 Rxc3 38. Ng5+ Kh6 39. f7 1-0

[Event "16. Sparkassen Open 2017 - Gruppe A"]
[Site "Forchheim"]
[Date "2017.10.01"]
[Round "5.2"]
[White "Linsenmeyer, Mario"]
[Black "Hilverda, Alexander"]
[Result "0-1"]
[WhiteElo "2105"]
[BlackElo "2354"]
[PlyCount "78"]
[EventDate "2017.??.??"]
[WhiteTeam "FSV Großenseebach"]
[BlackTeam "SC Erlangen"]

1. d4 d5 2. c4 e6 3. Nc3 Bb4 4. e3 Nf6 5. a3 Bxc3+ 6. bxc3 c6 7. cxd5 cxd5 8.
Bd3 O-O 9. Nf3 b6 10. O-O Ba6 11. Bxa6 Nxa6 12. Qd3 Nb8 13. Nd2 Qc7 14. e4 dxe4
15. Nxe4 Nbd7 16. Bg5 Nxe4 17. Qxe4 Rac8 18. Rae1 h6 19. Bd2 Qc6 20. Qh4 Rfe8
21. Re3 Nf8 22. Qg4 Qb5 23. Re5 Qd3 24. Rd1 Qg6 25. Qe2 Red8 26. Re1 Qf6 27.
Qb5 Ng6 28. R5e3 Rd5 29. Qa6 Rc7 30. c4 Rf5 31. d5 exd5 32. cxd5 Rxd5 33. Rf3
Qd8 34. Bb4 Rd1 35. Rfe3 Qd5 36. Qa4 Rxe1+ 37. Rxe1 a5 38. Rd1 Qe4 39. Re1 axb4
0-1

[Event "16. Sparkassen Open 2017 - Gruppe A"]
[Site "Forchheim"]
[Date "2017.10.01"]
[Round "5.3"]
[White "Seyb, Alexander"]
[Black "Fieberg, Samuel"]
[Result "1-0"]
[WhiteElo "2409"]
[BlackElo "2239"]
[PlyCount "93"]
[EventDate "2017.??.??"]
[WhiteTeam "SF 1903 Berlin"]
[BlackTeam "SG Porz"]

1. e4 c5 2. Nc3 Nc6 3. Nge2 Nf6 4. d4 cxd4 5. Nxd4 e5 6. Ndb5 h6 7. Bc4 a6 8.
Nd6+ Bxd6 9. Qxd6 Qe7 10. Qxe7+ Kxe7 11. Be3 d6 12. O-O-O Be6 13. Bxe6 fxe6 14.
f3 Nh5 15. Bb6 Rac8 16. a4 Nb8 17. a5 Nd7 18. Be3 Rc6 19. Rd2 b6 20. axb6 Nxb6
21. Bxb6 Rxb6 22. b3 Rc8 23. Kb2 Rbc6 24. Nd1 a5 25. Ne3 a4 26. Ra1 axb3 27.
Ra7+ R8c7 28. Rxc7+ Rxc7 29. cxb3 Nf6 30. b4 d5 31. exd5 Rd7 32. d6+ Rxd6 33.
Rxd6 Kxd6 34. Nc4+ Kc6 35. Nxe5+ Kd5 36. Nf7 Kc4 37. Ka3 Nd5 38. Nd6+ Kc3 39.
Ne4+ Kc4 40. Nd6+ Kc3 41. b5 Kd4 42. Ne4 Nb6 43. Kb4 Nc4 44. h4 Kd5 45. Nc3+
Kd4 46. Ne2+ Kd5 47. Nf4+ 1-0

[Event "16. Sparkassen Open 2017 - Gruppe A"]
[Site "Forchheim"]
[Date "2017.10.01"]
[Round "5.4"]
[White "Pfadenhauer, Johannes"]
[Black "De Silva, Joel Niels"]
[Result "1-0"]
[WhiteElo "2097"]
[BlackElo "2101"]
[PlyCount "107"]
[EventDate "2017.??.??"]
[WhiteTeam "TSV Bindlach"]
[BlackTeam "SV Hockenheim"]

1. d4 Nf6 2. Bg5 d5 3. e3 Nbd7 4. Nf3 e6 5. c4 c6 6. Nc3 Qa5 7. cxd5 exd5 8.
Bd3 Ne4 9. O-O Nxg5 10. Nxg5 Be7 11. Qh5 g6 12. Qh6 Bf8 13. Qh4 Bg7 14. f4 h6
15. Nf3 Nf6 16. Ne5 Qb4 17. Rab1 Nd7 18. a3 Qe7 19. Qg3 Nxe5 20. fxe5 Be6 21.
h4 h5 22. Rf2 Bh6 23. Rf6 O-O-O 24. b4 Rdg8 25. b5 c5 26. b6 a6 27. e4 dxe4 28.
Nxe4 cxd4 29. Nd6+ Kb8 30. Be4 Be3+ 31. Kh1 g5 32. Nxb7 gxh4 33. Qh2 h3 34. Na5
Rc8 35. gxh3 Qxa3 36. Nc6+ Rxc6 37. Bxc6 Rc8 38. Qg2 Qd3 39. Be4 Qa3 40. b7 Rd8
41. Qe2 Qa5 42. Bg2 h4 43. Rff1 Bd5 44. Ra1 Qb6 45. Bxd5 Rxd5 46. Rxf7 Rb5 47.
Rf8+ Kxb7 48. Qf3+ Qc6 49. Rb8+ Kxb8 50. Qxc6 Rb7 51. Qxa6 Kc8 52. Rf1 Kc7 53.
Rf7+ Kd8 54. Qd6+ 1-0

[Event "16. Sparkassen Open 2017 - Gruppe A"]
[Site "Forchheim"]
[Date "2017.10.01"]
[Round "5.5"]
[White "Schulz, Lukas"]
[Black "Kilian, Markus"]
[Result "0-1"]
[WhiteElo "2248"]
[BlackElo "2031"]
[PlyCount "54"]
[EventDate "2017.??.??"]
[WhiteTeam "SC Forchheim"]
[BlackTeam "SV Würzburg"]

1. e4 g6 2. d4 Bg7 3. Nc3 d6 4. h4 h5 5. Bc4 Nf6 6. Qe2 Nc6 7. Nf3 Bg4 8. e5
Nd7 9. e6 fxe6 10. Be3 e5 11. d5 Nd4 12. Bxd4 exd4 13. Ne4 Ne5 14. Neg5 Qd7 15.
Ne6 Bh6 16. Qe4 Bf5 17. Qxd4 Bxe6 18. dxe6 Qc6 19. Nxe5 dxe5 20. Qd3 e4 21. Qd4
O-O 22. Bd5 Qd6 23. Rd1 Rad8 24. c3 e3 25. Qe4 exf2+ 26. Kf1 Rf5 27. Rh3 c6 0-1

[Event "16. Sparkassen Open 2017 - Gruppe A"]
[Site "Forchheim"]
[Date "2017.10.01"]
[Round "5.6"]
[White "Tong, Kevin"]
[Black "Epding, Olaf"]
[Result "0-1"]
[WhiteElo "2139"]
[BlackElo "2255"]
[PlyCount "74"]
[EventDate "2017.??.??"]
[WhiteTeam "SC Erlangen"]
[BlackTeam "SC Noris-Tarrasch Nürnberg"]

1. e4 e6 2. d4 d5 3. Nc3 Nf6 4. e5 Nfd7 5. f4 c5 6. Nf3 Nc6 7. Be3 cxd4 8. Nxd4
Bc5 9. Qd2 O-O 10. O-O-O a6 11. h4 Bxd4 12. Bxd4 b5 13. h5 b4 14. Na4 Qc7 15.
h6 g6 16. Qe3 Nxd4 17. Qxd4 a5 18. Rh3 Ba6 19. Bxa6 Rxa6 20. b3 Rc6 21. c3 f6
22. Re1 fxe5 23. fxe5 Rf5 24. g4 Rf7 25. Kb2 Nc5 26. Nxc5 Rxc5 27. Rc1 Rf8 28.
Rg3 g5 29. Qe3 Rf4 30. Rgg1 bxc3+ 31. Kb1 d4 32. Qd3 Rxe5 33. Qa6 Qf7 34. Rc2
Qg6 35. Qb7 Re2 36. Rgc1 Rxc2 37. Qc8+ Rf8 0-1

[Event "16. Sparkassen Open 2017 - Gruppe A"]
[Site "Forchheim"]
[Date "2017.10.01"]
[Round "5.7"]
[White "Golda, Harald"]
[Black "Meulner, Klaus"]
[Result "1/2-1/2"]
[WhiteElo "2268"]
[BlackElo "2117"]
[PlyCount "39"]
[EventDate "2017.??.??"]
[WhiteTeam "SK Schweinfurt"]
[BlackTeam "SW Nürnberg Süd"]

1. d4 b6 2. Nf3 Bb7 3. g3 e6 4. Bg2 c5 5. c4 cxd4 6. Qxd4 Nf6 7. O-O Be7 8. Nc3
O-O 9. Bf4 d6 10. Qd2 a6 11. Rfd1 Ne8 12. Rac1 Nd7 13. Bg5 Nef6 14. Bf4 Ne8 15.
Bg5 Nef6 16. Bf4 Ne8 17. Ng5 Bxg2 18. Kxg2 h6 19. Nf3 Rc8 20. b3 1/2-1/2

[Event "16. Sparkassen Open 2017 - Gruppe A"]
[Site "Forchheim"]
[Date "2017.10.01"]
[Round "5.9"]
[White "Hartl, Aldo"]
[Black "Süß, Stefan"]
[Result "1-0"]
[WhiteElo "2132"]
[BlackElo "2031"]
[PlyCount "87"]
[EventDate "2017.??.??"]
[WhiteTeam "TSV Trostberg"]
[BlackTeam "SC Noris-Tarrasch Nürnberg"]

1. e4 c5 2. Nf3 e6 3. d3 Nc6 4. g3 g6 5. Bg2 Bg7 6. O-O Nge7 7. c3 d5 8. Nbd2
O-O 9. Qe2 b6 10. e5 Ba6 11. Re1 Rc8 12. Nf1 d4 13. c4 h6 14. h4 Nf5 15. Kh2
Rc7 16. Bd2 Bb7 17. a3 Qa8 18. Bf4 Rcc8 19. N3d2 Qb8 20. Nf3 Qa8 21. N1d2 Qb8
22. Rab1 a5 23. b3 Rce8 24. Rb2 Kh7 25. Ne4 Qd8 26. Qf1 Ba8 27. Qh1 Qb8 28. Kg1
Qa7 29. g4 Nfe7 30. Nf6+ Kh8 31. Nxe8 Rxe8 32. Nd2 Qc7 33. Bg3 Bb7 34. h5 Bc8
35. Nf3 g5 36. Rbe2 a4 37. Rb2 Qa7 38. Nxg5 Nxe5 39. Bxe5 hxg5 40. Bxg7+ Kxg7
41. Qh2 f6 42. f4 axb3 43. fxg5 fxg5 44. Qe5+ 1-0

[Event "16. Sparkassen Open 2017 - Gruppe A"]
[Site "Forchheim"]
[Date "2017.10.01"]
[Round "5.10"]
[White "Woll, Wilfried"]
[Black "Gegenfurtner, Jürgen"]
[Result "0-1"]
[WhiteElo "2080"]
[BlackElo "2293"]
[PlyCount "70"]
[EventDate "2017.??.??"]
[WhiteTeam "Greifswalder SV"]
[BlackTeam "SV Seubelsdorf"]

1. c4 e6 2. g3 d5 3. Bg2 Nf6 4. Nf3 Be7 5. O-O O-O 6. b3 c5 7. cxd5 Nxd5 8. Bb2
Nc6 9. Nc3 Bf6 10. Rc1 b6 11. Na4 Bb7 12. d4 cxd4 13. Nxd4 Rc8 14. e3 Nxd4 15.
Rxc8 Qxc8 16. Bxd4 Bxd4 17. Qxd4 Qc2 18. Ra1 Rc8 19. Be4 Nf4 20. Qd8+ Rxd8 21.
Bxc2 Nh3+ 22. Kf1 Rd2 23. Rd1 Rxf2+ 24. Ke1 g6 25. Rd2 Rxd2 26. Kxd2 Ng5 27.
Bd1 Nf3+ 28. Bxf3 Bxf3 29. b4 Kg7 30. Nc3 Bc6 31. b5 Bb7 32. Kd3 Kf6 33. a4 Kf5
34. Kd4 f6 35. e4+ Kg4 0-1

[Event "16. Sparkassen Open 2017 - Gruppe A"]
[Site "Forchheim"]
[Date "2017.10.01"]
[Round "5.11"]
[White "Hoffmann, Sebastian"]
[Black "Henrich, Thomas"]
[Result "1/2-1/2"]
[WhiteElo "1932"]
[BlackElo "2310"]
[PlyCount "63"]
[EventDate "2017.??.??"]
[WhiteTeam "SC Noris-Tarrasch Nürnberg"]
[BlackTeam "SK Marburg"]

1. e4 c5 2. Nf3 d6 3. c3 Nf6 4. Be2 Nbd7 5. Qc2 g6 6. d4 Bg7 7. O-O O-O 8. e5
Ne8 9. e6 fxe6 10. Ng5 Nc7 11. Bg4 Nf6 12. Bh3 cxd4 13. Re1 dxc3 14. Nxc3 Kh8
15. Qb3 Nfd5 16. Nxd5 exd5 17. Bxc8 Rxc8 18. Qh3 h6 19. Ne6 Nxe6 20. Bxh6 Rf5
21. Rxe6 Bf6 22. g4 Re5 23. Bf4+ Kg7 24. Bxe5 dxe5 25. g5 Bxg5 26. Rxe5 Bf6 27.
Rxd5 Qxd5 28. Qxc8 Qg5+ 29. Kh1 Qd5+ 30. Kg1 Qg5+ 31. Kh1 Qd5+ 32. Kg1 1/2-1/2

[Event "16. Sparkassen Open 2017 - Gruppe A"]
[Site "Forchheim"]
[Date "2017.10.01"]
[Round "5.12"]
[White "Kast, Joannis"]
[Black "Smolka, Alexander"]
[Result "0-1"]
[WhiteElo "2062"]
[BlackElo "2088"]
[PlyCount "40"]
[EventDate "2017.??.??"]
[WhiteTeam "SK Jöhlingen"]
[BlackTeam "SV Stuttgart-Wolfbusch"]

1. e4 e5 2. Nf3 Nc6 3. Bc4 Nf6 4. d4 exd4 5. e5 d5 6. Bb5 Ne4 7. Nxd4 Bc5 8.
O-O O-O 9. Nxc6 bxc6 10. Bxc6 Ba6 11. Qxd5 Bxf1 12. Bxa8 Bc4 13. Qxd8 Rxd8 14.
Nd2 Bxf2+ 15. Kh1 Nxd2 16. Bxd2 Rxd2 17. Be4 Bd5 18. Bxd5 Rxd5 19. Rf1 Rxe5 20.
g3 Re1 0-1

[Event "16. Sparkassen Open 2017 - Gruppe A"]
[Site "Forchheim"]
[Date "2017.10.01"]
[Round "5.13"]
[White "Wolf, Pablo"]
[Black "Ulusoy, Tolga"]
[Result "1/2-1/2"]
[WhiteElo "1940"]
[BlackElo "2082"]
[PlyCount "63"]
[EventDate "2017.??.??"]
[WhiteTeam "SC Bamberg"]
[BlackTeam "SC Noris-Tarrasch Nürnberg"]

1. e4 c5 2. Nc3 d6 3. g3 Nc6 4. Bg2 e5 5. d3 Be7 6. f4 exf4 7. Bxf4 Nf6 8. Nge2
O-O 9. O-O Be6 10. Nd5 Bxd5 11. exd5 Nb4 12. Nc3 Qd7 13. Qd2 Rfe8 14. Rf2 Ng4
15. Bh3 f5 16. Bxg4 fxg4 17. a3 Na6 18. Bg5 Nc7 19. Raf1 Rf8 20. Bxe7 Qxe7 21.
Rf4 h5 22. Re1 Qd7 23. Ref1 Rae8 24. Rxf8+ Rxf8 25. Rxf8+ Kxf8 26. Qf4+ Kg8 27.
Ne4 Ne8 28. Qg5 Qf7 29. Qd8 Qf8 30. Qd7 Qf7 31. Qd8 Qf8 32. Qd7 1/2-1/2

[Event "16. Sparkassen Open 2017 - Gruppe A"]
[Site "Forchheim"]
[Date "2017.10.01"]
[Round "5.14"]
[White "Amtmann, Florian"]
[Black "Manthey, Frank"]
[Result "1-0"]
[WhiteElo "2101"]
[BlackElo "2049"]
[PlyCount "45"]
[EventDate "2017.??.??"]
[WhiteTeam "Spvgg Stetten"]
[BlackTeam "SK Schwanstetten"]

1. e4 c5 2. d4 cxd4 3. c3 dxc3 4. Nxc3 Nc6 5. Nf3 d6 6. Bc4 e6 7. O-O Nf6 8.
Qe2 a6 9. Rd1 Qc7 10. Be3 b5 11. Bb3 Bb7 12. Rac1 Qb8 13. a4 b4 14. Nd5 exd5
15. exd5 Ne5 16. Bd4 Nfd7 17. Nh4 Qd8 18. f4 Qxh4 19. fxe5 Nxe5 20. Rc7 Bc8 21.
Bxe5 dxe5 22. Qxe5+ Kd8 23. d6 1-0

[Event "16. Sparkassen Open 2017 - Gruppe A"]
[Site "Forchheim"]
[Date "2017.10.01"]
[Round "5.15"]
[White "Link, Andreas"]
[Black "Lechermann, Markus"]
[Result "1/2-1/2"]
[WhiteElo "2011"]
[BlackElo "2081"]
[PlyCount "34"]
[EventDate "2017.??.??"]
[WhiteTeam "Zabo-Eintracht Nürnberg"]
[BlackTeam "MTV Ingolstadt"]

1. e4 c5 2. Nf3 e6 3. d4 cxd4 4. Nxd4 a6 5. Bd3 Nf6 6. Qe2 d6 7. c4 Be7 8. Nc3
O-O 9. O-O b6 10. Be3 Bb7 11. Rac1 Nbd7 12. Bb1 Rc8 13. f4 Qc7 14. b3 Qb8 15.
Bf2 Rfd8 16. Rfe1 Ba8 17. Bh4 e5 1/2-1/2

[Event "16. Sparkassen Open 2017 - Gruppe A"]
[Site "Forchheim"]
[Date "2017.10.01"]
[Round "5.16"]
[White "Wichmann, Adrian"]
[Black "Martin Fernandez, Rodrigo"]
[Result "1/2-1/2"]
[WhiteElo "2018"]
[BlackElo "2115"]
[PlyCount "57"]
[EventDate "2017.??.??"]
[WhiteTeam "SC Forchheim"]
[BlackTeam "SC Erlangen"]

1. e4 c5 2. Nf3 a6 3. d4 cxd4 4. Nxd4 Nf6 5. Bd3 e5 6. Nf3 Nc6 7. c4 Bb4+ 8.
Bd2 Bxd2+ 9. Qxd2 d6 10. O-O Bg4 11. Ne1 O-O 12. Nc2 Rc8 13. b3 Bh5 14. Ne3 Bg6
15. f3 Nd4 16. Nc3 Kh8 17. Kh1 Qa5 18. Rad1 Qc5 19. Rc1 Rfd8 20. Rfd1 Qa7 21.
Bf1 Qb8 22. Ne2 Nxe2 23. Qxe2 Qc7 24. Qd2 Qc5 25. Bd3 Qb6 26. Qe2 Rc5 27. Rc2
a5 28. Rb2 Ra8 29. a3 1/2-1/2

[Event "16. Sparkassen Open 2017 - Gruppe A"]
[Site "Forchheim"]
[Date "2017.10.01"]
[Round "5.17"]
[White "Reis, Gerhard"]
[Black "Brunner, Jan"]
[Result "1-0"]
[WhiteElo "2200"]
[BlackElo "1992"]
[PlyCount "77"]
[EventDate "2017.??.??"]
[WhiteTeam "SW Nürnberg Süd"]
[BlackTeam "TSV Schönaich"]

1. Nf3 Nf6 2. c4 g6 3. g3 Bg7 4. Bg2 d6 5. d4 O-O 6. O-O Nbd7 7. Nc3 e5 8. e4
exd4 9. Nxd4 Re8 10. h3 a6 11. Be3 Ne5 12. b3 Bd7 13. f4 Nc6 14. Rc1 Nxd4 15.
Bxd4 Bc6 16. Re1 Nh5 17. Kh2 Qe7 18. Bxg7 Nxg7 19. Qd2 Rad8 20. Nd5 Bxd5 21.
cxd5 Rc8 22. Qb4 b6 23. Bf1 Ra8 24. Qc3 Ra7 25. h4 Rf8 26. Bh3 Ne8 27. Qd4 h5
28. Kg2 Nf6 29. e5 Ng4 30. Bxg4 hxg4 31. Qd1 dxe5 32. fxe5 f5 33. exf6 Qxf6 34.
Qxg4 Qb2+ 35. Kh3 c5 36. dxc6 Rg7 37. c7 Rf2 38. c8=Q+ Kh7 39. Qe4 1-0

[Event "16. Sparkassen Open 2017 - Gruppe A"]
[Site "Forchheim"]
[Date "2017.10.01"]
[Round "5.18"]
[White "Glawe, Ralf"]
[Black "Krüger, Till"]
[Result "1/2-1/2"]
[WhiteElo "2066"]
[BlackElo "1991"]
[PlyCount "23"]
[EventDate "2017.??.??"]
[WhiteTeam "MTV Ingolstadt"]
[BlackTeam "SC Nidderau"]

1. e4 d6 2. d4 Nf6 3. Nc3 e5 4. Nf3 exd4 5. Nxd4 Be7 6. Bf4 O-O 7. Qd2 Re8 8.
O-O-O Nc6 9. Nxc6 bxc6 10. e5 dxe5 11. Qxd8 Bxd8 12. Bxe5 1/2-1/2

[Event "16. Sparkassen Open 2017 - Gruppe A"]
[Site "Forchheim"]
[Date "2017.10.01"]
[Round "5.19"]
[White "Mantel, Ruben"]
[Black "Bendel, Ralf"]
[Result "1/2-1/2"]
[WhiteElo "1939"]
[BlackElo "2116"]
[PlyCount "47"]
[EventDate "2017.??.??"]
[WhiteTeam "SC Noris-Tarrasch Nürnberg"]
[BlackTeam "SC Friedberg Gehörl. SV"]

1. d4 d5 2. Nf3 Nf6 3. Bf4 c5 4. e3 Nc6 5. Nc3 Bf5 6. Bd3 Bxd3 7. Qxd3 c4 8.
Qe2 e6 9. O-O Bb4 10. Nd1 Ne4 11. c3 Bd6 12. Nd2 Bxf4 13. exf4 Nxd2 14. Qxd2
Qf6 15. Re1 O-O 16. g3 h5 17. Ne3 Ne7 18. Qe2 g6 19. h4 Nf5 20. Nxf5 Qxf5 21.
Kg2 a5 22. Qe5 Qxe5 23. Rxe5 b5 24. f3 1/2-1/2

[Event "16. Sparkassen Open 2017 - Gruppe A"]
[Site "Forchheim"]
[Date "2017.10.01"]
[Round "5.20"]
[White "Böhme, Sebastian"]
[Black "Diller, Peter"]
[Result "1-0"]
[WhiteElo "2090"]
[BlackElo "1976"]
[PlyCount "139"]
[EventDate "2017.??.??"]
[WhiteTeam "SC Uttenreuth"]
[BlackTeam "SK Rothenburg"]

1. e4 e6 2. d4 d5 3. Nc3 Bb4 4. exd5 exd5 5. Bd3 Nf6 6. Bg5 c6 7. Nge2 Be6 8.
Qd2 Nbd7 9. O-O-O Qb6 10. Nf4 O-O-O 11. a3 Bd6 12. Nfe2 h6 13. Bh4 Rde8 14. Bg3
Qc7 15. Bxd6 Qxd6 16. Ng3 b5 17. a4 a6 18. b3 Qa3+ 19. Kb1 Nb6 20. a5 Nc4 21.
Qc1 Qxa5 22. bxc4 bxc4 23. Na2 cxd3 24. Rxd3 Kd7 25. Qa3 Rb8+ 26. Ka1 Rb5 27.
Qxa5 Rxa5 28. Rb1 Ne4 29. Rb7+ Kd6 30. c4 Bc8 31. Rxf7 g5 32. c5+ Ke6 33. Rg7
Rf8 34. f3 Nxg3 35. hxg3 Kf6 36. Rc7 Re8 37. Rxc6+ Kg7 38. Rd2 Bf5 39. Kb2 Rb5+
40. Ka3 Re3+ 41. Ka4 Bd7 42. Rd6 Be8 43. c6 Rb6 44. Nb4 Re1 45. Ka3 Ra1+ 46.
Ra2 Rxa2+ 47. Nxa2 Rxc6 48. Rxd5 Rc2 49. Re5 Bf7 50. Nb4 Rxg2 51. d5 Rxg3 52.
d6 Rxf3+ 53. Ka4 Rf1 54. Nd5 Bxd5 55. Rxd5 Rf8 56. d7 Rd8 57. Ka5 Kf6 58. Kb6
h5 59. Kc7 Rxd7+ 60. Rxd7 g4 61. Rh7 Kg5 62. Kd6 g3 63. Ke5 Kg4 64. Ke4 h4 65.
Rg7+ Kh3 66. Kf3 a5 67. Rd7 a4 68. Rd1 Kh2 69. Rd2+ Kh1 70. Rg2 1-0

[Event "16. Sparkassen Open 2017 - Gruppe A"]
[Site "Forchheim"]
[Date "2017.10.01"]
[Round "5.21"]
[White "Bethke, Robert"]
[Black "Englert, Jon"]
[Result "0-1"]
[WhiteElo "1900"]
[BlackElo "2005"]
[PlyCount "68"]
[EventDate "2017.??.??"]
[WhiteTeam "SF Neuberg"]
[BlackTeam "TV-Großostheim"]

1. c4 e6 2. Nc3 b6 3. Nf3 Bb7 4. d4 Bb4 5. Bd2 Ne7 6. a3 Bxc3 7. Bxc3 O-O 8. e3
f5 9. Bd3 Ng6 10. Qe2 d6 11. h4 h6 12. O-O-O Nd7 13. h5 Ne7 14. Nh4 Nf6 15. d5
Qd7 16. e4 fxe4 17. Bxe4 Nxe4 18. Qxe4 e5 19. Nf3 Rf4 20. Qe2 Ba6 21. b3 Raf8
22. Rh3 b5 23. c5 b4 24. Qxa6 bxc3 25. Rg3 Nf5 26. Rg6 Nd4 27. Nxd4 Rxd4 28.
Rxd4 exd4 29. cxd6 Qf5 30. dxc7 Qf4+ 31. Kb1 Qe4+ 32. Kc1 Qe1+ 33. Kc2 Qd2+ 34.
Kb1 Qb2# 0-1

[Event "16. Sparkassen Open 2017 - Gruppe A"]
[Site "Forchheim"]
[Date "2017.10.01"]
[Round "5.22"]
[White "Schmidt, Olaf"]
[Black "Adelhütte, Dennis"]
[Result "1-0"]
[WhiteElo "2076"]
[BlackElo "1941"]
[PlyCount "59"]
[EventDate "2017.??.??"]
[WhiteTeam "SK Rochade Augsburg"]
[BlackTeam "SC JÄKLECHEMIE"]

1. d4 d5 2. Nf3 e6 3. c4 c6 4. g3 dxc4 5. Bg2 b5 6. O-O Nf6 7. b3 cxb3 8. Qxb3
Bb7 9. Rd1 Nbd7 10. Nbd2 Nb6 11. a4 bxa4 12. Qc2 Rc8 13. e4 Be7 14. Ba3 Bxa3
15. Rxa3 O-O 16. e5 Nfd5 17. Ne4 f5 18. exf6 Nxf6 19. Nc5 Qe7 20. Re3 Nbd5 21.
Rxe6 Qc7 22. Ne5 Rfe8 23. Bh3 Kh8 24. Qd2 Rxe6 25. Bxe6 Re8 26. Rb1 Nb6 27.
Nf7+ Kg8 28. Nd8+ Rxe6 29. Ndxe6 Qc8 30. Qg5 1-0

[Event "16. Sparkassen Open 2017 - Gruppe A"]
[Site "Forchheim"]
[Date "2017.10.01"]
[Round "5.23"]
[White "Gil, Arthur"]
[Black "Gentner, Markus"]
[Result "1-0"]
[WhiteElo "2067"]
[BlackElo "2006"]
[PlyCount "81"]
[EventDate "2017.??.??"]
[WhiteTeam "SU Ebersberg-Grafing"]
[BlackTeam "SC Murrhardt"]

1. e4 c6 2. d4 d5 3. e5 c5 4. Nf3 Nc6 5. dxc5 e6 6. Be3 Nge7 7. c3 Nf5 8. Bd4
Nfxd4 9. cxd4 b6 10. b4 bxc5 11. bxc5 Qa5+ 12. Qd2 Nb4 13. Nc3 Ba6 14. Be2 g6
15. O-O h5 16. h4 Bh6 17. Ng5 O-O 18. Bxa6 Qxa6 19. a3 Nc6 20. Rfb1 Rab8 21.
Qe2 Qa5 22. Qd3 Rxb1+ 23. Rxb1 Qxa3 24. Nxe6 fxe6 25. Qxg6+ Bg7 26. Qxe6+ Kh8
27. Qxc6 Qxc3 28. Qxd5 Qc2 29. Rf1 Qf5 30. c6 Bf6 31. Qd6 Bxh4 32. Qh6+ Kg8 33.
Qe3 Bd8 34. Qb3+ Kh8 35. Qh3 Qg6 36. d5 Bb6 37. d6 Bxf2+ 38. Rxf2 Qb1+ 39. Kh2
Rxf2 40. c7 Rf1 41. c8=Q+ 1-0

[Event "16. Sparkassen Open 2017 - Gruppe A"]
[Site "Forchheim"]
[Date "2017.10.01"]
[Round "5.24"]
[White "Bachhuber, Dominik"]
[Black "Guggenberger, Guido"]
[Result "1/2-1/2"]
[WhiteElo "1909"]
[BlackElo "1972"]
[PlyCount "34"]
[EventDate "2017.??.??"]
[WhiteTeam "SC JÄKLECHEMIE"]
[BlackTeam "TV Tegernsee"]

1. Nf3 Nf6 2. g3 d5 3. Bg2 c5 4. d3 Nc6 5. Nbd2 e6 6. O-O Bd6 7. c4 O-O 8. cxd5
exd5 9. b3 Re8 10. Bb2 Bg4 11. Re1 Rc8 12. Rc1 Ne5 13. d4 Nxf3+ 14. Nxf3 Qb6
15. dxc5 Bxc5 16. Bd4 Bxd4 17. Qxd4 Rxc1 1/2-1/2

[Event "16. Sparkassen Open 2017 - Gruppe A"]
[Site "Forchheim"]
[Date "2017.10.01"]
[Round "5.25"]
[White "Lichii, Elizaveta"]
[Black "Brenner, Christian"]
[Result "1/2-1/2"]
[WhiteElo "1906"]
[BlackElo "2020"]
[PlyCount "79"]
[EventDate "2017.??.??"]
[BlackTeam "Zabo-Eintracht Nürnberg"]

1. e4 e5 2. Nf3 Nc6 3. Bb5 a6 4. Ba4 Nf6 5. O-O Be7 6. Re1 b5 7. Bb3 d6 8. c3
O-O 9. h3 h6 10. d4 Re8 11. Nbd2 Bf8 12. Nf1 Bd7 13. Ng3 Na5 14. Bc2 c5 15. d5
Nc4 16. b3 Nb6 17. Be3 Qc7 18. Qd2 Rec8 19. Nh4 c4 20. b4 a5 21. a3 axb4 22.
axb4 Na4 23. Nhf5 Ra6 24. Rec1 Rca8 25. Rcb1 Qd8 26. Qe1 Kh7 27. Bd2 g6 28. Ne3
Bg7 29. Qc1 h5 30. Ra3 h4 31. Ne2 Nh5 32. Nf1 Qc8 33. Bg5 f6 34. Bxh4 Bh6 35.
Qe1 Bxh3 36. gxh3 Qxh3 37. Bg3 Rh8 38. Nh2 Nxg3 39. Nxg3 Bf4 40. Qf1 1/2-1/2

[Event "16. Sparkassen Open 2017 - Gruppe B"]
[Site "Forchheim"]
[Date "2017.10.01"]
[Round "5.3"]
[White "Beck, Karl"]
[Black "Kozik, Andreas"]
[Result "1-0"]
[WhiteElo "1981"]
[BlackElo "1935"]
[PlyCount "33"]
[EventDate "2017.??.??"]
[WhiteTeam "SC Markt Berolzheim"]
[BlackTeam "SV Bad Bevensen"]

1. e4 g6 2. d4 Bg7 3. f4 c6 4. Nf3 d5 5. e5 Nh6 6. Bd3 f6 7. Qe2 O-O 8. Nbd2
fxe5 9. fxe5 Bg4 10. O-O e6 11. Rf2 c5 12. c3 cxd4 13. cxd4 Bxf3 14. Rxf3 Rxf3
15. Qxf3 Qb6 16. Qe2 Nf5 17. Bxf5 1-0

[Event "16. Sparkassen Open 2017 - Gruppe B"]
[Site "Forchheim"]
[Date "2017.10.01"]
[Round "5.4"]
[White "Löllmann, Heinrich"]
[Black "Niebler, Paul"]
[Result "1/2-1/2"]
[WhiteElo "1845"]
[BlackElo "1910"]
[PlyCount "85"]
[EventDate "2017.??.??"]
[WhiteTeam "SV Bubenreuth"]

1. e4 c5 2. Nf3 d6 3. c4 Nc6 4. d4 cxd4 5. Nxd4 Nf6 6. Nc3 g6 7. Be2 Bg7 8. Be3
O-O 9. O-O Bd7 10. f3 Rc8 11. Qd2 a6 12. Rac1 Nxd4 13. Bxd4 Qa5 14. Rfd1 Be6
15. Nd5 Qd8 16. Nxf6+ exf6 17. Be3 f5 18. exf5 Bxf5 19. Bd4 Bxd4+ 20. Qxd4 Qa5
21. a3 Be6 22. Rc3 Rfd8 23. b4 Qd5 24. Re3 Qf5 25. Re4 Rd7 26. Bd3 Qg5 27. Rf4
Rdc7 28. Bf1 Bxc4 29. Rg4 Qe5 30. Bxc4 Rxc4 31. Qxc4 Rxc4 32. Rxc4 Qe3+ 33. Kf1
Qxa3 34. Rcd4 h5 35. h4 Qb3 36. R1d3 Qb2 37. Rd2 Qb3 38. R2d3 Qxb4 39. Kf2 Qb5
40. Kg3 b6 41. Re3 Kg7 42. Ree4 Qd7 43. Rd5 1/2-1/2

[Event "16. Sparkassen Open 2017 - Gruppe B"]
[Site "Forchheim"]
[Date "2017.10.01"]
[Round "5.7"]
[White "Gets, Alexej"]
[Black "Böhme, Andre"]
[Result "1/2-1/2"]
[WhiteElo "1748"]
[BlackElo "1887"]
[PlyCount "61"]
[EventDate "2017.??.??"]
[WhiteTeam "SGem Fürth"]
[BlackTeam "SV Hellern"]

1. f4 Nf6 2. b3 e6 3. Bb2 Be7 4. Nf3 d5 5. e3 Nbd7 6. a4 O-O 7. Bd3 Nc5 8. Be2
c6 9. Nc3 b6 10. Ne5 Qc7 11. O-O Nfe4 12. Nxe4 Nxe4 13. d3 Nd6 14. Qe1 c5 15.
a5 Rb8 16. Bg4 f6 17. Nf3 f5 18. Bh5 Bf6 19. axb6 axb6 20. Ne5 Bd7 21. c4 dxc4
22. bxc4 Be8 23. Bf3 Nf7 24. d4 cxd4 25. exd4 Nxe5 26. fxe5 Be7 27. Be2 Bc6 28.
Qg3 Ra8 29. Qb3 Kh8 30. Qc3 Be4 31. Rxa8 1/2-1/2

[Event "16. Sparkassen Open 2017 - Gruppe B"]
[Site "Forchheim"]
[Date "2017.10.01"]
[Round "5.8"]
[White "Faust, Bernhard"]
[Black "Luther, Helmut"]
[Result "1/2-1/2"]
[WhiteElo "1841"]
[BlackElo "2015"]
[PlyCount "49"]
[EventDate "2017.??.??"]
[WhiteTeam "SK Rothenburg"]
[BlackTeam "SW Nürnberg Süd"]

1. d4 d5 2. c4 e6 3. Nc3 Nf6 4. cxd5 exd5 5. Bg5 Be7 6. Nf3 O-O 7. e3 c6 8. Qc2
Nbd7 9. Bd3 Re8 10. O-O Nf8 11. Rab1 Ne4 12. Bxe7 Qxe7 13. b4 a6 14. a4 Ng6 15.
b5 axb5 16. axb5 Bg4 17. Bxe4 dxe4 18. Nd2 f5 19. h3 Bh5 20. bxc6 bxc6 21. Qb3+
Kh8 22. Qb7 Qg5 23. Qc7 Nh4 24. Qg3 Qd8 25. Nc4 1/2-1/2